Once Upon a Time Quotes - Statistics

General Stats
  • This quiz has been taken 81 times
  • The average score is 13 of 16
Answer Stats
Quote Answer % Correct
"All magic comes with a price." Mr Gold/Rumplestiltskin
97%
"I will always find you." Snow white/Mary Margaret/Prince Charming/David Nolan
97%
"Sometimes the best teacup is chipped." Belle
95%
"You traded your ship for me?" Emma Swan
95%
"A thief that steals from those in need has no honor." Robin Hood
95%
"The queen may be evil, but I'm wicked. And wicked always wins." Zelena/The Wicked Witch of the West
94%
"I'm done reading about heroes. I wanna be one." Henry Mills
91%
"Really dearie?" Mr Gold/Rumplestiltskin
85%
"Or what? You'll win her over with your rainbow kisses and unicorn stickers?" Regina Mills/Evil Queen
85%
"A man unwilling to fight for what he wants, deserves what he gets." Hook/Killian Jones
82%
"We share one heart and nothing can come between two halves of one heart." Prince Charming/David Nolan
78%
"You defeated me in a way no one thought was possible. You made me your friend." Regina Mills/Evil Queen
74%
"And what exactly do you think fairytales are? They are a reminder that our lives will get better if we just hold on to hope." Snow white/Mary Margaret
71%
"Dirty? I bathe quite frequently, thank you very much." Hook/Killian Jones
58%
“You know, this whole driving thing’s quite easy when you’re actually trying to hit something.” Zelena/The Wicked Witch of the West
38%
"No one decides my fate but me." Belle
25%
No matching quizzes found
Score Distribution
Percent of People with Each Score
Percentile by Number Answered
Your Score History
You have not taken this quiz